Prosa lírica. (Record no. 180316)

MARC details
000 -LEADER
campo de control de longitud fija 01050nam a2200265 i 4500
001 - NÚMERO DE CONTROL
campo de control 180316
003 - IDENTIFICADOR DE NÚMERO DE CONTROL
campo de control ES-MaACL
005 - FECHA Y HORA DE LA ÚLTIMA TRANSACCIÓN
campo de control 20231227062545.0
008 - DATOS DE LONGITUD FIJA--INFORMACIÓN GENERAL
campo de control de longitud fija 120528s2009 sp | |||||||| | spa d ..|
015 ## - NÚMERO DE BIBLIOGRAFÍA NACIONAL
Número de bibliografía nacional MON1006
020 ## - NÚMERO INTERNACIONAL ESTÁNDAR DEL LIBRO
Número Internacional Estándar del Libro 978-84-96452-71-8
080 ## - NÚMERO DE LA CLASIFICACIÓN DECIMAL UNIVERSAL
Número de la Clasificación Decimal Universal 821.134.2-82"19"
100 1# - ENTRADA PRINCIPAL--NOMBRE DE PERSONA
Nombre de persona Jiménez, Juan Ramón,
Fechas asociadas al nombre 1881-1958
9 (RLIN) 66417
245 10 - MENCIÓN DEL TÍTULO
Título Prosa lírica.
Número de parte o sección de la obra I /
Mención de responsabilidad, etc. Juan Ramón Jiménez ; edición de Javier Blasco y Teresa Gómez Trueba.
260 ## - PUBLICACIÓN, DISTRIBUCIÓN, ETC.
Lugar de publicación, distribución, etc. Madrid :
Nombre del editor, distribuidor, etc. Fundación José Antonio Castro,
Fecha de publicación, distribución, etc. 2009.
300 ## - DESCRIPCIÓN FÍSICA
Extensión XLVII, 725 p. ;
Dimensiones 23 cm.
490 1# - MENCIÓN DE SERIE
Mención de serie Biblioteca Castro
500 ## - NOTA GENERAL
Nota general En 2 v.
505 8# - NOTA DE CONTENIDO CON FORMATO
Nota de contenido con formato Contiene: Baladas para después ; Platero y yo ; Entes y sombras de mi infancia. Un león andaluz. Soledades madrileñas. Olvidos de Granada. Isla de la simpatía. Viajes y sueños. Ala compasiva. Cuentos largos. Espacio
700 1# - ENTRADA AGREGADA--NOMBRE PERSONAL
Nombre de persona Blasco Pascual, Francisco J.
9 (RLIN) 29398
700 1# - ENTRADA AGREGADA--NOMBRE PERSONAL
Nombre de persona Gómez Trueba, Teresa.
9 (RLIN) 58173
830 0# - PUNTO DE ACCESO ADICIONAL DE SERIE-TÍTULO UNIFORME
Título uniforme Biblioteca Castro
9 (RLIN) 178957
852 ## - LOCALIZACIÓN
Ubicación ES-MaACL
Número de control de estantería L-29894
Holdings
Estatus retirado Estado de pérdida Estado de daño No para préstamo Biblioteca de origen Biblioteca actual Ubicación en estantería Fecha de adquisición Fuente de adquisición Total de préstamos Signatura topográfica completa Código de barras Visto por última vez Precio de reemplazo Tipo de ítem Koha
        Biblioteca del Ateneo de Madrid Biblioteca del Ateneo de Madrid Depósito 2 28/05/2012     L-29894 1189471 23/02/2023 23/02/2023 Libro impreso